Comuni della Puglia - Statistics

Statistiche generali
  • Questo quiz è stato fatto 34 volte
  • Il punteggio medio è 38 su 257
Statistiche sulle risposte
Provincia Comune % Corretto
Bari
89%
Barletta
82%
Barletta-Andria-Trani Andria
75%
Lecce
68%
Trani
68%
Alberobello
64%
Foggia
64%
Brindisi Brindisi
61%
Bitonto
57%
Ostuni
57%
Taranto
57%
Otranto
46%
Bisceglie
43%
Bitetto
43%
Fasano
43%
Monopoli
43%
Altamura
39%
Taranto Avetrana
39%
Bitritto
39%
Cerignola
39%
Corato
39%
Gioia del Colle
39%
Molfetta
39%
Polignano a Mare
39%
Putignano
39%
San Severo
39%
Giovinazzo
36%
Manfredonia
36%
Nardò
36%
Noci
36%
Vieste
36%
Bari Acquaviva delle Fonti
32%
Castellaneta
32%
Gallipoli
32%
Gravina di Puglia
32%
Locorotondo
32%
Manduria
32%
Conversano
29%
Galatina
29%
Lucera
29%
Martina Franca
29%
Massafra
29%
Modugno
29%
Adelfia
25%
Candela
25%
Carovigno
25%
Palagianello
25%
Terlizzi
25%
Toritto
25%
Apricena
21%
Binetto
21%
Cagnano Varano
21%
Canosa di Puglia
21%
Casamassima
21%
Ceglie Messapica
21%
Cisternino
21%
Ginosa
21%
Grottaglie
21%
Grumo Appula
21%
Margherita di Savoia
21%
Minervino Murge
21%
Mola di Bari
21%
Palagiano
21%
Peschici
21%
Porto Cesareo
21%
Rodi Garganico
21%
Ruvo di Puglia
21%
Sannicandro di Bari
21%
Tricase
21%
Trinitapoli
21%
Turi
21%
Foggia Accadia
18%
Alliste
18%
Casarano
18%
Castellana Grotte
18%
Laterza
18%
Lesina
18%
Maglie
18%
Noicattaro
18%
San Giorgio Ionico
18%
Spinazzola
18%
Squinzano
18%
Statte
18%
Trepuzzi
18%
Troia
18%
Alberona
14%
Lecce Alessano
14%
Alezio
14%
Andrano
14%
Aradeo
14%
Biccari
14%
Capurso
14%
Carosino
14%
Carpino
14%
Castro
14%
Copertino
14%
Francavilla Fontana
14%
Galatone
14%
Lizzano
14%
Maruggio
14%
Mattinata
14%
Mesagne
14%
Novoli
14%
Palo del Colle
14%
Poggiorsini
14%
Pulsano
14%
Rutigliano
14%
Sammichele di Bari
14%
San Ferdinando di Puglia
14%
Santa Cesarea Terme
14%
Santeramo in Colle
14%
San Vito dei Normanni
14%
Triggiano
14%
Ugento
14%
Zapponeta
14%
Ascoli Satriano
11%
Bovino
11%
Carapelle
11%
Castrignano del Capo
11%
Chieuti
11%
Corigliano d'Otranto
11%
Crispiano
11%
Faggiano
11%
Fragagnano
11%
Ischitella
11%
Leverano
11%
Monteiasi
11%
Monteparano
11%
Monte Sant'Angelo
11%
Mottola
11%
Oria
11%
Roccaforzata
11%
San Donaci
11%
San Giovanni Rotondo
11%
San Marzano di San Giuseppe
11%
San Nicandro Garganico
11%
San Pietro Vernotico
11%
Sava
11%
Anzano di Puglia
7%
Arnesano
7%
Bagnolo del Salento
7%
Botrugno
7%
Campi Salentina
7%
Carlantino
7%
Carpignano Salentino
7%
Casalvecchio di Puglia
7%
Cassano delle Murge
7%
Foggia Castelluccio Valmaggiore
7%
Castelnuovo della Daunia
7%
Castrignano de' Greci
7%
Cellino San Marco
7%
Deliceto
7%
Erchie
7%
Leporano
7%
Melendugno
7%
Minervino di Lecce
7%
Montemesola
7%
Patù
7%
Poggio Imperiale
7%
San Marco in Lamis
7%
San Pancrazio Salentino
7%
Stornarella
7%
Taurisano
7%
Taviano
7%
Torricella
7%
Valenzano
7%
Veglie
7%
Volturara Appula
7%
Calimera
4%
Cannole
4%
Caprarica di Lecce
4%
Carmiano
4%
Cavallino
4%
Celle di San Vito
4%
Corsano
4%
Gagliano del Capo
4%
Guagnano
4%
Isole Tremiti
4%
Matino
4%
Melpignano
4%
Monteroni di Lecce
4%
Morciano di Leuca
4%
Orta Nuova
4%
Panni
4%
Pietramontecorvino
4%
Poggiardo
4%
Racale
4%
Rignano Garganico
4%
Roseto Valfortore
4%
Salice Salentino
4%
Sannicola
4%
Sant'Agata di Puglia
4%
Scorrano
4%
Serracapriola
4%
Sogliano Cavour
4%
Soleto
4%
Specchia
4%
Spongano
4%
Sternatia
4%
Stornara
4%
Supersano
4%
Surbo
4%
Torremaggiore
4%
Torre Santa Susanna
4%
Vernole
4%
Vico del Gargano
4%
Villa Castelli
4%
Calenza Valfortore
0%
Callamare
0%
Casalanuovo Monterotaro
0%
Castelluccio del Sauri
0%
Castri di Lecce
0%
Collepasso
0%
Cursi
0%
Cutrofiano
0%
Diso
0%
Faeto
0%
Giuggianello
0%
Giurdignano
0%
Latiano
0%
Lequile
0%
Lizzanello
0%
Martano
0%
Lecce Martignano
0%
Melissano
0%
Miggiano
0%
Monteleone di Puglia
0%
Montesano di Lecce
0%
Motta Montecorvino
0%
Muro Leccese
0%
Neviano
0%
Nociglia
0%
Ordara di Puglia
0%
Ordona
0%
Ortelle
0%
Palmariggi
0%
Parabita
0%
Persicce-Acquarica
0%
Rocchetta Sant'Antonio
0%
Ruffano
0%
Salve
0%
Sanarica
0%
San Cassiano
0%
San Cesario di Lecce
0%
San Donato di Lecce
0%
San Marco la Catola
0%
San Michele Salentino
0%
San Paolo di Civitate
0%
San Pietro in Lama
0%
Seclì
0%
Surano
0%
Tiggiano
0%
Torchiarolo
0%
Tuglie
0%
Uggiano la Chiesa
0%
Volturino
0%
Zollino
0%
Nessun quiz corrispondente trovato
Distribuzione punteggi
Percentuale di utenti per punteggio
Percentile per numero di risposta
I tuoi punteggi nel tempo
Non hai fatto questo quiz